La Impune inmunidad (segunda parte)

Na minha lista:
Detalhes bibliográficos
Formato: Texto
Assuntos:
Tags: Adicionar Tag
Sem tags, seja o primeiro a adicionar uma tag!

MARC

LEADER 00000 a a2200000 04500
001 6295
003
040
245 |a La Impune inmunidad (segunda parte)  
650 |a DERECHOS HUMANOS  
650 |a DEMOCRACIA  
650 |a PARTIDOS POLITICOS  
650 |a POLITICA  
650 |a CONTROL SOCIAL  
650 |a SOCIEDAD CIVIL  
650 |a INSTITUCIONES PUBLICAS  
650 |a OPINION PUBLICA  
650 |a CORRUPCION  
773 |g volumen 20, número 871; páginas 13-15  
999 |c 26102  |d 26102